Statistics for Celebrity Football Fans

Click here to take the quiz!

General Stats

  • This quiz has been taken 34 times
  • The average score is 22 of 32

Answer Stats

CelebrityTeam% Correct
Noel GallagherManchester City
100%
Piers MorganArsenal
92%
Prince WilliamAston Villa
92%
Alan SugarTottenham Hotspur
92%
Russell BrandWest Ham United
92%
Sylvester StalloneEverton
88%
LeBron JamesLiverpool
88%
Usain BoltManchester United
88%
Ant and DecNewcastle United
88%
Jeremy ClarksonChelsea
83%
Gordon Ramsay (Scottish team)Glasgow Rangers
83%
Elton JohnWatford
83%
Fatboy SlimBrighton
71%
Chris MoylesLeeds United
71%
Tom MeighanLeicester City
67%
Delia SmithNorwich City
67%
Craig DavidSouthampton
67%
Jessica Ennis-HillSheffield United
63%
Paul CollingwoodSunderland
63%
Robert PlantWolverhampton Wanderers
63%
Matt SmithBlackburn Rovers
58%
Hugh GrantFulham
58%
Frank SkinnerWest Brom
58%
BanksyBristol City
54%
Neil KinnockCardiff City
54%
Stuart BroadNottingham Forest
54%
Amir KhanBolton Wanderers
50%
Eddie IzzardCrystal Palace
50%
Patrick StewartHuddersfield Town
50%
Bob MortimerMiddlesbrough
50%
Jimmy AndersonBurnley
46%
Sugar Ray LeonardStoke City
46%

Score Distribution

Percentile by Number Answered

Percent of People with Each Score

Your Score History

You have not taken this quiz